Diccionario de la lengua y de la cultura de Chiloé

Salvato in:
Dettagli Bibliografici
Autore principale: Cárdenas Álvarez, Renato (Autore)
Natura: Libro
Lingua:spagnolo
Pubblicazione: Castro Fondo de Apoyo a Iniciativas Culturales Regionales 1994
Soggetti:
Tags: Aggiungi Tag
Nessun Tag, puoi essere il primo ad aggiungerne!!

MARC

LEADER 00000nam a2200000 a 4500
001 UCT8156
003 CL-VaPUC
008 970318e19940000cl |||||||||||||||||spa|d
082 0 4 |a 467.983  |b CAR  |2 21 
100 |a Cárdenas Álvarez, Renato  |e author  |9 521690 
245 1 0 |a Diccionario de la lengua y de la cultura de Chiloé 
300 |a 239 p 
942 |c BK 
945 |d 19970318 00:00:00  |a rbrito 
260 |a Castro  |b Fondo de Apoyo a Iniciativas Culturales Regionales  |c 1994 
650 7 |a FOLKLORE  |2 CL-VaPUC  |9 268291 
650 0 |a Diccionarios  |9 256200 
650 7 |a TRADICIONES  |2 CL-VaPUC  |9 367367 
650 0 |a Lenguaje   |9 265069 
650 0 |a Veliches  |9 494102 
650 0 |a Americanismos  |9 255374 
651 0 |a Chiloé  |9 265209 
651 7 |a CHILE  |2 CL-VaPUC  |9 379687 
583 |a last modification  |c 20171011 11:35:32  |k Rodrigo Vera 
999 |c 256686  |d 256684 
952 |0 0  |1 0  |4 0  |6 467_983000000000000_CAR_1994  |7 0  |8 X  |9 279549  |a BIBEDU  |b BIBEDU  |d 2019-11-19  |i 329062K  |o 467.983 CAR 1994  |p 329062K  |r 2023-01-13  |w 2019-11-19  |y BK_X  |k EPE